| 000 | 00936nam a2200229 a 4500 | ||
|---|---|---|---|
| 001 | 69070 | ||
| 003 | BD-RjUL | ||
| 005 | 20211209081839.0 | ||
| 008 | 850626s1985 enka b 101 0 eng | ||
| 020 |
_a0407004181 : _c£35.00 (est.) |
||
| 035 | _a(BD-RjUL)69281 | ||
| 040 |
_aDLC _cDLC _dDLC _dBD-RjUL _beng |
||
| 041 | 0 |
_aeng _beng |
|
| 082 | 0 | 0 |
_223 _a639.31 _bHAB 1985 |
| 245 | 1 | 0 |
_aHabitat modification and freshwater fisheries : _bproceedings of a symposium of the European Inland Fisheries Advisory Commission / _cedited by John S. Alabaster. |
| 260 |
_aLondon ; _aBoston : _bPublished by arrangement with the Food and Agriculture Organization of the United Nations by Butterworths, _c1985. |
||
| 300 |
_ax, 278 p. : _bill. ; _c24 cm. |
||
| 504 | _aIncludes bibliographies and index. | ||
| 650 | 0 |
_aFreshwater fishes _xEffect of habitat modification on _xCongresses. _9204623 |
|
| 700 | 1 |
_aAlabaster, John S. _9204624 |
|
| 942 |
_2ddc _cBK |
||
| 999 |
_c69070 _d69070 |
||